Нормален изглед
MARC изглед
- Златарова, Евдокия Светозарова
Вход 01. Лично име
001 - Контролен номер на записа
- Контролно поле: 248093
003 - Код на организацията, даваща контролен номер
- Контролно поле: BLK
005 - Дата и час на последна промяна на записа
- Контролно поле: 20240924125720.0
008 - Данни с фиксирана дължина – обща информация
- Данни с фиксирана дължина : 180420|| aca||aabn | a|a d
100 ## - ИМЕ НА ЛИЦЕ -ПЪРВИЧНА ИНТЕЛЕКТУАЛНА ОТГОВОРНОСТ
- Лично име: Златарова, Евдокия Светозарова
- Дати, свързани с автора: 1969 -
372 ## - Сфера на дейност
- Сфера на дейност: Филолог, италианска филология. Преводач от/на италиански език и от английски език.
942 ## - Системна служебна употреба
- Koha auth type: PERSO_NAME